| 000 | 00535 a2200157 4500 | ||
|---|---|---|---|
| 020 | _a0198517297 | ||
| 020 | _a9780198517290 | ||
| 082 | _a530.13 | ||
| 090 |
_c1621 _d1621 |
||
| 100 | 1 | _aYeomans, J. M. | |
| 245 | 1 | 0 |
_aStatistical mechanics of phase transitions / _cJ. M. Yeomans. |
| 260 |
_a[S.l.] : _bOxford University Press, USA, _c1992. |
||
| 300 |
_a160 p. ; _c25 cm. |
||
| 942 |
_aSNS _cBK _k530.13 YEO |
||
| 999 |
_c30230 _d30230 |
||